000 00513nam a2200217Ia 4500
005 20250425161234.0
008 250425s9999 xx 000 0 und d
041 _aspa
082 _a669.9
100 _aAVNER, SYDNEY H.
245 0 _aINTRODUCCION A LA METALURGIA FISICA
250 _a1A ED.
260 _aEspaƱa
_bEDICIONES DEL CASTILLO
_c1966
260 _aMADRID
300 _a681
650 _aALEACIONES
650 _aMETALES
650 _aMETALURGIA FISICA
942 _c01
010 _a15841
999 _c205189
_d205189